| 000 | 01022cam a2200241 4500 | ||
|---|---|---|---|
| 001 | WB3734-25 | ||
| 008 | 010910n2001 000 0 eng u | ||
| 035 | _a(Sirsi) u114502 | ||
| 245 | _aFalconer announces planning commitments | ||
| 260 | _c2001 | ||
| 490 |
_aDTLR News Release _v(381) 7 September 2001, (3) |
||
| 520 | _aAt the first in a series of regional planning seminars, Lord Falconer stressed the importance of developing brownfield sites before greenfield sites to promote sustainable development and good land use. Falconer also announced government commitment to developing a Planning Portal, which will allow appellants and members of the public to track planning appeals online. | ||
| 590 | _aWB | ||
| 650 |
_aLand use _96251 |
||
| 650 | _aPLANNING SYSTEM | ||
| 650 | _aPLANNING APPEALS | ||
| 650 | _aONLINE PLANNING | ||
| 650 | _aHOUSING DEVELOPMENT | ||
| 650 | _aREFORM | ||
| 650 | _aBROWNFIELD SITES | ||
| 690 | _aENVIRONMENTAL AND LAND CONSULTANCY-PLANNING AND DEVELOPMENT | ||
| 942 | _n0 | ||
| 999 |
_c68217 _d68217 |
||